000 02658 a2200385 4500
001 54544
005 20260407155819.0
008 260407a1982 arg spa d
003 AR-UNSa-BCEJYS
040 _aAR-UNSa-BCEJYS
_bspa
_cAR-UNSa-BCEJYS
080 _a330.1
_xCiencia económica. Conceptos fundamentales de teoría económica. Valor. Capital. Fondos
245 1 0 _aLa economía como disciplina cientifica
_pensayos en honor del profesor Dr. Francisco Valsecchi
264 1 _aBuenos Aires :
_bEdiciones Macchi
_c1982
300 _a308 p.
_c22 cm.
505 _a1. Acerca del estatus epistemológico de las teorías económicas / Mario T. Marzana - 2. Economía estructural y sistemas lineales / Julio H. G. Olivera – 3. Valores en economía y en otras ciencias / Vicente Vázquez-Presedo – 4. Eficiencia, justicia y equidad en lo económico / Eduardo A. Zalduendo – 5. La tasa interna de retorno y el objetivo de maximizar beneficios / Alfredo Juan Canavese – 6. Acceso libre e inestabilidad del equilibrio bionómico – Jorge Eduardo Fernández-Pol – 7. Política del tipo de cambio en una economía pequeña: el crawlin-peg activo / Rolf Mantel y Ana María Martirena-Mantel – 8. Aspectos económicos de las migraciones internacionales de capital humano / Luisa Montuschi – 9. Demanda de dinero y formación de expectativas. Algunos resultados empíricos en Argentina / Elías Salama – 10. Eficiencia económica y distribución optima / Raúl E. Cuello – 11. Reflexiones acerca de un modelo económico argentino para la década del ochenta / Alieto Aldo Guadagni – 12. Desenvolvimiento histórico y renovación de la ciencia económica / Manuel Fernández López – 13. Adam Ferguson: ciencia, virtud y sociedad / Ezequiel Gallo – 14. Aspectos analíticos en la doctrina del justo precio de Juan de Matienzo (1520-1579) / Oreste Popescu – 15. Oferta monetaria y variaciones en la estructura de los precios relativos: el aporte de R. Cantillon / Javier Villanueva
041 _aspa
942 _cBK
590 _aniveau_biblio:m niveau_hierar:0
100 1 _aCanavese, Alfredo Juan
700 1 _aCuello, Raúl E.
700 1 _aFernández López, Manuel
700 1 _aFernandez Pol, Jorge E.
700 1 _aGallo, Ezequiel
700 1 _aGuadagni, Alieto Aldo
700 1 _aMantel, Rolf R.
700 1 _aMartirena-Mantel, Ana María
700 1 _aMarzana, Mario T.
700 1 _aMontuschi, Luisa
700 1 _aOlivera, Julio H.G.
700 1 _aPopescu, Oreste
700 1 _aSalama, Elías
700 1 _aVázquez-Presedo, Vicente
700 1 _aVillanueva, Javier
700 1 _aZalduendo, Eduardo A.
999 _c5624
_d5624